Les attractions du Parc Astérix par images - Statistiques

Statistiques générales
  • Ce quiz a été pris 103 fois
  • Le résultat moyen est 10 sur 14
Statistiques - réponses
Par images Réponse % Correct
Goudurix
99%
Oziris
93%
Tonnerre 2 Zeus
89%
Discobélix
86%
Toutatis
78%
Pégase Express
74%
La Trace du Hourra
72%
Menhir Express
65%
Le Cheval de Troie
62%
Le Vol d'Icare
57%
Romus et Rapidus
48%
Le Grand Splatch
46%
Les Chaudrons
44%
La Galère
41%
Aucun quiz correspondant
Distribution des résultats
% des personnes avec chaque résultat
Percentile par nombre de réponses
Votre historique - résultats
Vous n’avez pas pris ce quiz